Coats of Arms of Europe in 1939 - Statistics

General Stats
  • This quiz has been taken 88 times
  • The average score is 28 of 33
Answer Stats
Picture Answer % Correct
United Kingdom
97%
Germany
95%
Belgium
94%
Iceland
92%
Soviet Union
92%
Switzerland
92%
France
91%
Hungary
91%
Portugal
91%
Slovakia
91%
Vatican City
91%
Ireland
89%
Poland
89%
San Marino
89%
Spain
89%
Lithuania
84%
Andorra
83%
Bulgaria
83%
Greece
81%
Netherlands
81%
Norway
81%
Finland
80%
Luxembourg
80%
Yugoslavia
80%
Italy
77%
Monaco
75%
Romania
75%
Sweden
75%
Latvia
73%
Denmark
72%
Estonia
72%
Danzig
69%
Liechtenstein
64%
No matching quizzes found
Score Distribution
Percent of People with Each Score
Percentile by Number Answered
Your Score History
You have not taken this quiz